U.S. States Entirely North Of California - Statistics

General Stats
  • This quiz has been taken 16 times
  • The average score is 8 of 10
Answer Stats
Answer % Correct
Washington
100%
Alaska
92%
Montana
92%
Minnesota
83%
North Dakota
83%
Maine
75%
New Hampshire
75%
South Dakota
67%
Vermont
67%
Wisconsin
67%
No matching quizzes found
Score Distribution
Percent of People with Each Score
Percentile by Number Answered
Your Score History
You have not taken this quiz